000 00474nam a22001577a 4500
005 20140310183635.0
008 131127b xxu||||| |||| 00| 0 eng d
020 _a9710862863
050 _aQL 805
_b.M113 2002
245 _aComperative Anatomy Of Vertebrates :
_bLaboratory Manual /
_cAlma Macahia, Myra Nicart.
260 _aPhilippine Copyright :
_bMetro Manila,
_c2002.
300 _a153 p. :
_bill. ;
_c28 cm.
521 _aEDU
546 _aC1206
942 _2lcc
_cBK
_kLOC
999 _c25708
_d25708